000 02208ngm a22003617a 4500
003 dpl
005 2008090303483.0
007 DVD
008 050907s2005 cau105 g 00| 0 eng d
010 _aDVD-000248-250
024 _a36355
035 _aDVD-000248-250
040 _aDPL
_cDPL
092 _aDVD / FLIG
245 _aGardfield Gets Real
_h[Video-recording] DVD/
_cThe Simpsons Movie
260 _bExcel Productions Audio Visual Pvt. Ltd
_cc2005.
300 _a[1 videodisc DVD] (74 Min.)
_bsd., col. ;
_c4-3/4 in.
_fDVD
500 _aSee Garfield as Never Before in His All New CGI Feature Length Movie
500 _aDistributor in India Excel Production Audiovisuals Pvt. Ltd. Mumbai
520 _aAfter exposure to cosmic radiation, four astronauts become the most remarkable, if not most dysfunctional, superheroes of all time. Reed Richards is the leader of the group and gains the ability to stretch all parts of his body, he takes the name Mr. Fant
521 _aMPAA rating: PG-13; for sequences of intense action, and some suggestive content.
538 _aDolby Digital 5.1,- English, Russain, Hungarian, Thai Subtitles English,Hungarian, Russian, Serbian
538 _aAspect Ratio 2:35:1, Presentation Type: Wide Screen, Presentation Size: 16x9, DVD 9 Dual Layer Single Sided Disc Layer Transition May Trigger a Slight Pause
546 _aClosed-captioned for the hearing impaired.
655 _aDescribed verbally for the visually impaired.
710 _aTwentieth Century Fox Home Entertainment, Inc.
710 _aDVS Home Video (Firm)
942 _cCF
_2ddc
_hDVD
_mGARF
999 _c15365
_d15365